History Quiz

Random History or Biography Quiz

Famous Historical 'H' First Names Quiz Stats

 Plays Quiz Updated Aug 13, 2014

Support Sporcle.
Go Orange.
Score 0/30 Timer 05:00
0 Plays Today
% Correct
Hillary
94.4%
Henry
93.2%
Humphrey
91.8%
Halle
91.4%
Harry
90.5%
Herbert
90.4%
Helen
89.2%
Howard
86.9%
Harpo
86.7%
Hugo
85.6%
Harriet
84.3%
Hideki
83%
Hakeem
81.6%
Harvey
81.5%
Henri
80.3%
% Correct
Hernán
79.3%
Herman
78.2%
Hosni
76.4%
Heinrich
76.1%
Horatio
75.6%
Helmut
75.3%
Hans
74.8%
Harold
74.1%
Henrik
69%
Hunter
69%
Haile
66.6%
Hattie
63%
Hermann
59.3%
Helena
52.5%
Hannah
34.5%

You're not logged in!

Compare scores with friends on all Sporcle quizzes.
OR
Log In

From the Vault

Odd One Out: Populous Cities

by MovieGuru

Even the least populous city in this quiz still ranks high on the populous scale.
Remove Ads.
Support Sporcle.
Get the best of Sporcle when you Go Orange. This ad-free experience offers more features, more stats, and more fun while also helping to support Sporcle. Thank you for becoming a member.

Show Comments

Extras

Top Quizzes Today


Score Distribution

Your Account Isn't Verified!

In order to create a playlist on Sporcle, you need to verify the email address you used during registration. Go to your Sporcle Settings to finish the process.

Report this User

Report this user for behavior that violates our Community Guidelines.

Details: